| 000 -CABECERA |
| fixed length control field |
01159nam a22002537a 4500 |
| 003 - IDENTIFICADOR DEL NÚMERO DE CONTROL |
| control field |
AR-CdUCM |
| 008 - DATOS DE LONGITUD FIJA--INFORMACIÓN GENERAL |
| fixed length control field |
190509b ||||| |||| 00| 0 spa d |
| 040 ## - FUENTE DE LA CATALOGACIÓN |
| Agencia/entidad que catalogó originalmente la obra |
MUNICIPALIDAD PROVINCIAL DEL CUSCO |
| Entidad que transcribió la catalogación |
BIBLIOTECA MUNICIPAL DEL CUSCO |
| 082 ## - NÚMERO DE LA CLASIFICACIÓN DECIMAL DEWEY |
| No. de Clasificación |
330.9 / |
| Notacion interna |
K72 |
| 100 ## - ENTRADA PRINCIPAL--NOMBRE DE PERSONA |
| Nombre Personal |
Kohler, Heinz |
| 245 ## - MENCIÓN DE TÍTULO |
| Título |
Planificación y bienestar : |
| Resto del título |
estudio comparativo de los sistemas capitalistas y socialista / |
| 260 ## - PUBLICACIÓN, DISTRIBUCIÓN, ETC. |
| Lugar de publicación, distribución, etc. |
México : |
| Nombre de la editorial, distribuidor, etc. |
Centro regional de ayuda técnica, |
| Fecha de publicación, distribución, etc. |
1967. |
| 300 ## - DESCRIPCIÓN FÍSICA |
| Nº de Páginas Extensión |
211 paginas ; |
| Otros detalles físicos |
Diagramas, cuadros, |
| Dimensiones |
20 cm. |
| 505 ## - NOTA DE CONTENIDO CON FORMATO |
| Nota de contenido formateada |
Contenido : El problema básico la escasez -- Las metas del pleno empleo y la eficiencia -- Las metas de la equidad y el crecimiento -- Capitalismo perfectamente competitivo -- Realidad capitalista y critica socialista... |
| 650 ## - PUNTO DE ACCESO ADICIONAL DE MATERIA--TÉRMINO DE MATERIA |
| Descriptor |
Capitalismo |
| 9 (RLIN) |
3221 |
| 650 ## - PUNTO DE ACCESO ADICIONAL DE MATERIA--TÉRMINO DE MATERIA |
| Descriptor |
Socialismo |
| 9 (RLIN) |
1037 |
| 650 ## - PUNTO DE ACCESO ADICIONAL DE MATERIA--TÉRMINO DE MATERIA |
| Descriptor |
La producción |
| 9 (RLIN) |
9237 |
| 650 ## - PUNTO DE ACCESO ADICIONAL DE MATERIA--TÉRMINO DE MATERIA |
| Descriptor |
Sistema de precios |
| 9 (RLIN) |
37674 |
| 650 ## - PUNTO DE ACCESO ADICIONAL DE MATERIA--TÉRMINO DE MATERIA |
| Descriptor |
El proceso productivo |
| 9 (RLIN) |
37675 |
| 700 ## - PUNTO DE ACCESO ADICIONAL--NOMBRE DE PERSONA |
| Nombre Personal |
Wolfoson, Leandro (Traducción) |
| 9 (RLIN) |
37676 |
| 942 ## - ELEMENTOS DE PUNTO DE ACCESO ADICIONAL (KOHA) |
| Fuente de clasificación |
|
| Tipo de item |
Libros-BMC |
| 945 ## - PROCESAMIENTO DE INFORMACIÓN LOCAL (OCLC) |
| Catalogador |
wnts |
| AAAA-MM-DD - Fecha de ingreso o modificacion |
2019-05-09 |